| 000 | 00575nam a2200205 a 4500 | ||
|---|---|---|---|
| 005 | 20210223120534.0 | ||
| 008 | 991125s1992 mx 000 0 spa u | ||
| 020 | _a9681638093 | ||
| 035 | _aUPN01000003091 | ||
| 049 | _aCG | ||
| 050 | 4 |
_aDS62.2 _bH638 1992 |
|
| 100 | 1 |
_aHogarth, David George, _d1862-1927 _930612 |
|
| 245 | 1 | 3 |
_aEl antiguo Oriente / _cDavid George Hogarth ; tr. Jorge Hernández Campos. |
| 250 | _a2a ed. | ||
| 260 |
_aMéxico : _bFCE, _c1992. |
||
| 300 |
_a154 p. : _bil. |
||
| 440 | 0 | _aTezontle | |
| 651 | 4 |
_aORIENTE - _xHISTORIA _910813 |
|
| 905 | _aLibro | ||
| 999 |
_c3091 _d3091 |
||